Всесоюзный научно-технический семинар "Опыт разработки и внедрения автоматических манипуляторов и технологических комплексов с их использованием" (Москва, ВДНХ СССР, 19-21 мая 1982 г.) (Запись № 4824377)

Подробности
000 -МАРКЕР
контрольное поле 01740nam0a22002531 4500
001 - ИДЕНТИФИКАТОР ЗАПИСИ
контрольное поле rc\1108760
005 - ИДЕНТИФИКАТОР ВЕРСИИ
контрольное поле 20250622181453.0
035 ## - ДРУГИЕ СИСТЕМНЫЕ НОМЕРА
Идентификатор записи (NLR Aleph) 006353275
100 ## - ДАННЫЕ ОБЩЕЙ ОБРАБОТКИ
Данные общей обработки 20041126d1982 |||y0rusy50 ca
101 0# - ЯЗЫК РЕСУРСА
Язык текста, звукозаписи и т.д. русский
102 ## - СТРАНА ПУБЛИКАЦИИ ИЛИ ПРОИЗВОДСТВА
Страна публикации Российская Федерация
105 ## - ПОЛЕ КОДИРОВАННЫХ ДАННЫХ: ТЕКСТОВЫЕ МАТЕРИАЛЫ, МОНОГРАФИЧЕСКИЕ
Кодированные данные о монографическом текстовом документе y |||||||||
200 1# - ЗАГЛАВИЕ И СВЕДЕНИЯ ОБ ОТВЕТСТВЕННОСТИ
Основное заглавие Всесоюзный научно-технический семинар "Опыт разработки и внедрения автоматических манипуляторов и технологических комплексов с их использованием" (Москва, ВДНХ СССР, 19-21 мая 1982 г.)
Сведения, относящиеся к заглавию Тез. докл.
Первые сведения об ответственности Под ред. А.А. Панова
210 ## - ПУБЛИКАЦИЯ, РАСПРОСТРАНЕНИЕ И ДР.
Место издания, распространения и т.д. М.
Имя издателя, распространителя и т. д. Б. и.
Дата издания, распространения и т.д. 1982
215 ## - ФИЗИЧЕСКАЯ ХАРАКТЕРИСТИКА
Специфическое обозначение материала и объем 91 с.
Размеры 20
300 ## - ОБЩИЕ ПРИМЕЧАНИЯ
Текст примечания В надзаг.: ВДНХ СССР, Павильон "Машиностроение", М-во станкостпроит. и инструм. пром-сти, Гос. ком. СССР по науке и технике, Всесоюз. совет НТО, Ком. по автоматизации и механизации произв. процессов, Науч.-произв. об-ние по комплекс. технол. проектированию станкостоит. предприятий "Оргстанкинпром"
702 #1 - ИМЯ ЛИЦА - ВТОРИЧНАЯ ОТВЕТСТВЕННОСТЬ
Начальный элемент ввода Панов
Часть имени, кроме начального элемента ввода А.А.
Код отношения Редактор
710 12 - НАИМЕНОВАНИЕ ОРГАНИЗАЦИИ - ПЕРВИЧНАЯ ОТВЕТСТВЕННОСТЬ
Начальный элемент ввода "Опыт разработки и внедрения автоматических манипуляторов и технол. комплексов с их использованием", всесоюзный науч.-техн. семинар
Дата проведения временной организации 1982
Место проведения временной организации Москва
801 #0 - ИСТОЧНИК ЗАПИСИ
Страна Российская Федерация
Организация NLR
Правила каталогизации psbo
801 #1 - ИСТОЧНИК ЗАПИСИ
Страна Российская Федерация
Организация ELAR
Источник данных rusmarc
852 ## - МЕСТОНАХОЖДЕНИЕ И ШИФР ХРАНЕНИЯ
Идентификатор организации NLR
Шифр хранения (Call Number) 82-6/5550
942 ## - ДОПОЛНИТЕЛЬНЫЕ ЭЛЕМЕНТЫ ЗАПИСИ (АБИС)
Тип экземпляра АБИС Книга
980 ## - КОЛЛЕКЦИЯ
Название коллекции Национальная библиография
Экземпляры
Тип экземпляра Дата поступления Библиотека постоянного хранения Библиотека текущего хранения Место хранения Шифр хранения Штрих-код Статус экземпляра
Книга 26.10.2013 РНБ (Московский) РНБ (Московский) Русский книжный фонд: издания с 1957 года 82-6/5550 6353275-10